000 00381cam a2200169ua 4500
020 _c1.00
041 _amal
_h
082 _a894.8121
_bSAN/AR
100 _aSankaran Nair, Gowreesapattom .
245 _aArabikkadal
260 _aEranakulam :
_bPrabhath Book House ,
_c1955.
300 _a64 ; .
365 _a1.00
504 _a
942 _cBK
999 _c4813
_d4813